00390nam a22001097a 450000500170000000800410001702000180005810000440007624500830012026000570020330000200026020251203104142.0251203b |||||||| |||| 00| 0 eng d a9789787947623 aPandang Yamsat and Daniel Cirman.d2022 aThe New Political Conscience for the churchcyamsat pandang and Daniel Cirman ajos;bHallel and partners publishing groupcNov.2022 aviii;157.c23cm